2018 Movies Blurred - Statistics

General Stats
  • This quiz has been taken 13 times
  • The average score is 16 of 50
Answer Stats
Picture Answer % Correct
A Star Is Born
75%
Avengers: Infinity War
75%
Incredibles 2
75%
Ralph Breaks The Internet
75%
Aquaman
63%
Spider-Man: Into The Spider-Verse
63%
To All The Boys I’ve Loved Before
63%
Fantastic Beasts: The Crimes Of Grindelwald
50%
Fifty Shades Freed
50%
Halloween
50%
Jurassic World: Fallen Kingdom
50%
Mission: Impossible - Fallout
50%
Ocean's 8
50%
The Kissing Booth
50%
Venom
50%
Black Panther
38%
Crazy Rich Asians
38%
Early Man
38%
Game Night
38%
Skyscraper
38%
Smallfoot
38%
The Nutcracker And The Four Realms
38%
Ant-Man And The Wasp
25%
Christopher Robin
25%
Maze Runner: The Death Cure
25%
Mortal Engines
25%
Peppermint
25%
Peter Rabbit
25%
Red Sparrow
25%
Solo: A Star Wars Story
25%
Tomb Raider
25%
Assassination Nation
13%
Bohemian Rhapsody
13%
Book Club
13%
Breaking In
13%
Deadpool 2
13%
Den Of Thieves
13%
Dragged Across Concrete
13%
First Man
13%
Game Over, Man!
13%
Holmes & Watson
13%
Hunter Killer
13%
I Feel Pretty
13%
King Of Thieves
13%
Life Of The Party
13%
Mile 22
13%
Overlord
13%
Ready Player One
13%
Tag
13%
Upgrade
13%
No matching quizzes found
Score Distribution
Percent of People with Each Score
Percentile by Number Answered
Your Score History
You have not taken this quiz